| 000 | 01522cam a2200313 4500500 | ||
|---|---|---|---|
| 005 | 20251228073908.0 | ||
| 041 | _afre | ||
| 042 | _adc | ||
| 100 | 1 | 0 |
_aHoltzmann, Bernard _eauthor |
| 245 | 0 | 0 | _aUn relief exceptionnel de Thasos |
| 260 | _c2014. | ||
| 500 | _a20 | ||
| 520 | _aUn très grand relief de la fin du ive s. trouvé dans le centre de la ville ancienne de Thasos appartient à la catégorie rare des reliefs de thiase, qui peuvent représenter hommes et femmes ensemble au cours d’une de leurs réunions périodiques — ou bien s’agit-il d’une collation de vin doux ( glykismos) qui aurait lieu dans la Salle des fêtes publique ( symposion) de la ville ? | ||
| 520 | _aAn exceptional relief from ThasosA big relief found in the centre of the ancient city of Thasos and dating from the end of the 4th cent. bc belongs to the few ones representing men and women celebrating together a periodical meeting of their thiasos or perhaps a collation of sweet wine ( glykismos) in the public banquet hall ( symposion). | ||
| 690 | _abanquet | ||
| 690 | _amonde grec | ||
| 690 | _arelief | ||
| 690 | _aThasos | ||
| 690 | _athiase | ||
| 690 | _avin doux | ||
| 690 | _abanquet | ||
| 690 | _aGreek world | ||
| 690 | _arelief | ||
| 690 | _asweet wine | ||
| 690 | _aThasos | ||
| 690 | _aThiasos | ||
| 786 | 0 | _nRevue archéologique | 58 | 2 | 2014-11-03 | p. 325-334 | 0035-0737 | |
| 856 | 4 | 1 | _uhttps://shs.cairn.info/revue-archeologique-2014-2-page-325?lang=fr&redirect-ssocas=7080 |
| 999 |
_c1596287 _d1596287 |
||